000 00316nam a2200121 a 4500
001 4140
005 20140414131914.0
008 090218s19uu xx 00 eng d
050 _aER
_bH52 1998
100 _aJordan, Taylor
245 _aHiccup :
_bby Taylor Jordan ; illustrated by Frank Remkiewicz.
999 _c111366
_d111366